Catalysis in Organic Chemistry /
Contenido: 1) Catálisis en general, 2) Sobre la catálisis, 3) Mecanismo de catálisis, 4) Isomerización – Polimerización – Despolimerización – Condensación por adición, 5) Oxidaciones, 6) Diversas sustituciones en moléculas, 7) Hidratación, 8-12) Hidrogenación, 13) Varias eliminaciones, 14) Deshidrog...
Furkejuvvon:
| Váldodahkki: | |
|---|---|
| Materiálatiipa: | Girji |
| Giella: | eaŋgalasgiella |
| Almmustuhtton: |
Alcester, Inglaterra :
Read Books,
2007
|
| Fáttát: | |
| Fáddágilkorat: |
Eai fáddágilkorat, Lasit vuosttaš fáddágilkora!
|
MARC
| LEADER | 00000nam^a2200000^a^4500 | ||
|---|---|---|---|
| 001 | 000414687 | ||
| 005 | 20250521000000.0 | ||
| 009 | 20260310122238.309 | ||
| 020 | |a 978-1-406-7806-28 | ||
| 037 | |a Acervo ITESO - Biblioteca | ||
| 041 | |a ING | ||
| 082 | |a 547. 1395 |b SAB | ||
| 100 | |a Sabatier, Paul |e (autor) | ||
| 245 | 1 | 0 | |a Catalysis in Organic Chemistry / |c P. Sabatier ; tr. por E.E. Reid. |
| 264 | 1 | |a Alcester, Inglaterra : |b Read Books, |c 2007 | |
| 300 | |a XXIV, 406 p. | ||
| 336 | |a texto |b txt |2 rdacontenido | ||
| 337 | |a sin mediación |b n |2 rdamedio | ||
| 338 | |a volumen |b nc |2 rdasoporte | ||
| 520 | |a Contenido: 1) Catálisis en general, 2) Sobre la catálisis, 3) Mecanismo de catálisis, 4) Isomerización – Polimerización – Despolimerización – Condensación por adición, 5) Oxidaciones, 6) Diversas sustituciones en moléculas, 7) Hidratación, 8-12) Hidrogenación, 13) Varias eliminaciones, 14) Deshidrogenación, 15-17) Deshidratación, 18) Descomposición de los ácidos, 19) Descomposición de los ésteres de ácidos orgánicos, 20) Eliminación de ácidos halógenos o moléculas similares, 21) Descomposición y condensación de hidrocarburos y Apéndice de los capítulos 11-12): Hidrogenación de grasas líquidas. | ||
| 534 | |a Reproducción facsimilar de la edición de 1922, publicada por Van Nostrad en Nueva York, EUA | ||
| 649 | |a XX | ||
| 650 | |a Catálisis - |x Tema Principal | ||
| 650 | |a Hidratación | ||
| 650 | |a Hidrogenación | ||
| 650 | |a Isomerización | ||
| 650 | |a Oxidación | ||
| 650 | |a Polimerización | ||
| 650 | |a Reacciones Químicas | ||
| 650 | |a Acidos Orgánicos | ||
| 650 | |a Esteres | ||
| 650 | |a Hidrocarburos | ||
| 650 | |a Compuestos Orgánicos | ||
| 650 | |a Condensación | ||
| 650 | |a Química Orgánica - |x Tema Principal | ||
| 650 | |a Química | ||
| 910 | |a Fondo General | ||
| 920 | |a Impresos - Libros | ||
| 930 | |a Colección General | ||
| 905 | |a 101 | ||
| 901 | |a 0500324141 |b IT1 |c ACC |i C167767 |u 20250521 | ||
| 902 | |a https://opac.biblio.iteso.mx/vufind/Record/000414687 | ||